[Event "DLM 2010"]
[Site "Stuttgart GER"]
[Date "2010.11.19"]
[Round "4"]
[White "Walter, Kevin"]
[Black "Höpfner, Tim"]
[Result "1/2-1/2"]
[Termination "normal"]
[Board "1.7"]
[WhiteElo "1757"]
[BlackElo "1907"]
[WhiteTeam "Württemberg 1"]
[BlackTeam "Hessen 1"]
[WhiteFideId "12906654"]
[BlackFideId "4638310"]
[EventCountry "GER"]
[EventRounds "7"]
[EventType "team-swiss"]
[EventDate "2010.11.16"]

1. e4 c5 2. Nf3 d6 3. d4 cxd4 4. Nxd4 Nf6 5. Nc3 a6 6. Be2 e5 7. Nb3 Be6 8. Be3
Be7 9. Nd5 Nbd7 10. Qd3 Bxd5 11. exd5 Rc8 12. O-O O-O 13. Rfd1 Nb6 14. Bxb6
Qxb6 15. c4 Rfe8 16. a3 Bf8 17. Qe3 Qxe3 18. fxe3 g6 19. Nd2 Bh6 20. Kf2 Nd7
21. Ne4 Bf8 22. g4 Be7 23. g5 Nc5 24. Nxc5 Rxc5 25. b4 Rc7 26. Rg1 h6 27. h4
Kg7 28. Rad1 Rd8 29. Kf3 b6 30. a4 Rb8 31. Rb1 Rbb7 32. Ke4 Bd8 33. Kf3 Be7 34.
Kg4 a5 35. bxa5 bxa5 36. Rb5 h5+ 37. Kg3 Rxb5 38. cxb5 Rc2 39. Bf3 Bd8 40. Ra1
Bb6 41. Ra3 Kf8 42. Be4 Rc1 43. Kf2 Rc4 44. Kf3 Ke7 45. Ra2 1/2-1/2

[Event "DLM 2010"]
[Site "Stuttgart GER"]
[Date "2010.11.19"]
[Round "4"]
[White "Graf, Clara Victoria"]
[Black "Weber, Sandra"]
[Result "1/2-1/2"]
[Termination "normal"]
[Board "1.8"]
[WhiteElo "1739"]
[BlackElo "1511"]
[WhiteTeam "Hessen 1"]
[BlackTeam "Württemberg 1"]
[WhiteFideId "1270339"]
[BlackFideId "1270049"]
[EventCountry "GER"]
[EventRounds "7"]
[EventType "team-swiss"]
[EventDate "2010.11.16"]

1. e4 e5 2. Nf3 Nf6 3. Nxe5 d6 4. Nf3 Nxe4 5. Nc3 Nxc3 6. dxc3 Nc6 7. Be3 a6 8.
Qd2 Be7 9. O-O-O Be6 10. Be2 Qd7 11. Kb1 O-O-O 12. Ng5 Bxg5 13. Bxg5 f6 14. Bf4
d5 15. Be3 Qf7 16. a3 Rd7 17. Bd4 Nxd4 18. cxd4 Rd6 19. Bd3 Qd7 20. Rde1 Bf5
21. Bxf5 Qxf5 22. Re7 Rd7 23. Rhe1 Rhd8 24. Re8 Qg6 25. Qe3 Qxg2 26. Rxd8+ Rxd8
27. Qe6+ Kb8 28. Qe7 Rc8 29. Re6 Qxh2 30. Qxg7 Qxf2 31. Qxf6 Qxf6 32. Rxf6 c6
33. Kc1 Re8 34. Rh6 Re7 35. Kd2 Kc7 36. c3 a5 37. a4 b6 38. b3 Kb7 39. Rf6 Rd7
40. Rf8 c5 41. Kd3 Kc6 42. dxc5 bxc5 43. Ra8 Kb6 44. Rf8 Rd6 45. Rb8+ Ka6 46.
Ra8+ Kb6 47. Rb8+ Ka6 1/2-1/2

[Event "DLM 2010"]
[Site "Stuttgart GER"]
[Date "2010.11.19"]
[Round "4"]
[White "Lubbe, Nikolas"]
[Black "Kartsev, Alexandr"]
[Result "1-0"]
[Termination "normal"]
[Board "2.1"]
[WhiteElo "2367"]
[BlackElo "2183"]
[WhiteTeam "Niedersachsen"]
[BlackTeam "Nordrhein-Westfalen"]
[WhiteFideId "4694031"]
[BlackFideId "24647110"]
[EventCountry "GER"]
[EventRounds "7"]
[EventType "team-swiss"]
[EventDate "2010.11.16"]

1. e4 d5 2. exd5 Nf6 3. Nf3 Nxd5 4. d4 Bg4 5. h3 Bxf3 6. Qxf3 Nc6 7. Bb5 e6 8.
Bxc6+ bxc6 9. c4 Nb4 10. O-O Be7 11. Qe4 f5 12. Qxe6 Nc2 13. Qxc6+ Kf7 14. Qf3
Qd7 15. Qd3 Nxa1 16. Nc3 Bf6 17. Nd5 Bxd4 18. Qxd4 c6 19. Bh6 cxd5 20. Qxg7+
Ke6 21. Re1+ Kd6 22. Bf4+ Kc6 23. cxd5+ Qxd5 24. Qc7+ Kb5 25. Re5 Qxe5 26.
Qxe5+ Ka6 27. Qd6+ Kb5 28. Qd5+ Kb6 29. Be3+ Kc7 30. Qc5+ Kb7 31. Qb5+ Kc7 32.
Bf4+ Kd8 33. Qb7 1-0

[Event "DLM 2010"]
[Site "Stuttgart GER"]
[Date "2010.11.19"]
[Round "4"]
[White "Kahleys, Kevin"]
[Black "Schulz, Jens"]
[Result "1/2-1/2"]
[Termination "normal"]
[Board "2.2"]
[WhiteElo "2123"]
[BlackElo "2173"]
[WhiteTeam "Nordrhein-Westfalen"]
[BlackTeam "Niedersachsen"]
[WhiteFideId "24669601"]
[BlackFideId "24675687"]
[EventCountry "GER"]
[EventRounds "7"]
[EventType "team-swiss"]
[EventDate "2010.11.16"]

1. Nf3 Nf6 2. c4 e6 3. g3 d5 4. Bg2 Be7 5. O-O O-O 6. d4 dxc4 7. Qc2 Nc6 8.
Qxc4 Qd5 9. Qd3 Rd8 10. Nc3 Qh5 11. Bf4 Nb4 12. Qc4 c6 13. e4 b6 14. Rfd1 Ba6
15. Qb3 c5 16. d5 exd5 17. Ne5 g5 18. Bxg5 Qxg5 19. f4 Qg7 20. a3 Bc4 21. Qa4
b5 22. Nxb5 Bxb5 23. Qxb5 Nc2 24. Nc6 Bf8 25. Rac1 Nd4 26. Rxd4 cxd4 27. Nxd8
Rxd8 28. exd5 Ng4 29. b4 Qf6 30. Be4 Qh6 31. h4 Ne3 32. Qd3 Qg7 33. Kf2 Bd6 34.
Rc6 Ng4+ 35. Kf3 Ne3 36. Kf2 Bb8 37. Qa6 Ng4+ 38. Kf3 Ne3 39. Kf2 Ng4+ 40. Kf3
Ne3 41. Kf2 1/2-1/2

[Event "DLM 2010"]
[Site "Stuttgart GER"]
[Date "2010.11.19"]
[Round "4"]
[White "Schreiner, Till"]
[Black "Mundorf, Johannes"]
[Result "1/2-1/2"]
[Termination "normal"]
[Board "2.3"]
[WhiteElo "2149"]
[BlackElo "1952"]
[WhiteTeam "Niedersachsen"]
[BlackTeam "Nordrhein-Westfalen"]
[WhiteFideId "24675555"]
[BlackFideId "24672491"]
[EventCountry "GER"]
[EventRounds "7"]
[EventType "team-swiss"]
[EventDate "2010.11.16"]

1. d4 e6 2. c4 Bb4+ 3. Nd2 b6 4. Ngf3 Bb7 5. a3 Bxd2+ 6. Qxd2 a5 7. b3 Nf6 8.
e3 d6 9. Be2 Nbd7 10. O-O O-O 11. Bb2 Qe7 12. b4 c5 13. dxc5 bxc5 14. bxa5 Ne4
15. Qc2 Rxa5 16. Nd2 Nxd2 17. Qxd2 Ra6 18. a4 Rfa8 19. a5 Ne5 20. Bc3 Qc7 21.
f4 Nd7 22. Rfb1 Bc6 23. h4 Nf6 24. Qb2 Qe7 25. h5 h6 26. Ra3 Ne4 27. Be1 Qf6
28. Rb3 Qxb2 29. R1xb2 Kf8 30. Bf3 Nf6 31. Be2 Ke7 32. g4 Nd7 33. Kf2 Kd8 34.
Bc3 f6 35. Rb1 Kc7 36. g5 fxg5 37. fxg5 Rf8+ 38. Ke1 e5 39. gxh6 gxh6 40. Kd2
Rf2 1/2-1/2

[Event "DLM 2010"]
[Site "Stuttgart GER"]
[Date "2010.11.19"]
[Round "4"]
[White "Rempe, Moritz"]
[Black "Düssler, Stefanie"]
[Result "0-1"]
[Termination "normal"]
[Board "2.6"]
[WhiteElo "1748"]
[BlackElo "1868"]
[WhiteTeam "Nordrhein-Westfalen"]
[BlackTeam "Niedersachsen"]
[WhiteFideId "12906867"]
[BlackFideId "4634780"]
[EventCountry "GER"]
[EventRounds "7"]
[EventType "team-swiss"]
[EventDate "2010.11.16"]

1. e4 e6 2. d4 d5 3. exd5 exd5 4. Bd3 Bd6 5. Qf3 Nc6 6. c3 Be6 7. Ne2 Qd7 8. h3
O-O-O 9. Bf4 Re8 10. Bxd6 Qxd6 11. Nd2 h5 12. O-O-O g5 13. Rde1 Nh6 14. Qf6 Qe7
15. Qxe7 Nxe7 16. h4 Ng4 17. Ref1 Bf5 18. Kc2 Bxd3+ 19. Kxd3 Nf5 20. hxg5 Nfe3
21. fxe3 Rxe3+ 22. Kc2 Rxe2 23. g3 Ne3+ 24. Kd3 Nxf1 25. Rxf1 Rhe8 26. Rxf7
R8e3+ 27. Kc2 Rxg3 28. Kd1 Rh2 29. Nf3 Rxb2 30. g6 b6 31. Rf6 Rf2 32. g7 Rxg7
33. Ke1 Rxa2 34. Rf5 h4 35. Rh5 Rgg2 36. Kf1 Rgf2+ 37. Kg1 Rxf3 38. Rxh4 Rd3
0-1

[Event "DLM 2010"]
[Site "Stuttgart GER"]
[Date "2010.11.19"]
[Round "4"]
[White "Manusina, Nicole"]
[Black "Orhan, Eda"]
[Result "1-0"]
[Termination "normal"]
[Board "2.7"]
[WhiteElo "1751"]
[BlackElo "1768"]
[WhiteTeam "Niedersachsen"]
[BlackTeam "Nordrhein-Westfalen"]
[WhiteFideId "24657514"]
[BlackFideId "24659258"]
[EventCountry "GER"]
[EventRounds "7"]
[EventType "team-swiss"]
[EventDate "2010.11.16"]

1. d4 d5 2. c4 c6 3. Nf3 Nf6 4. Nc3 dxc4 5. a4 e6 6. e4 Bb4 7. Qc2 Nbd7 8. Bxc4
b6 9. O-O Bb7 10. e5 Nd5 11. Ne4 Qc7 12. Bd2 Be7 13. Bxd5 exd5 14. Ng3 Nf8 15.
Bg5 Bxg5 16. Nxg5 h6 17. Nh3 g6 18. f4 Ne6 19. Qd2 Ng7 20. f5 gxf5 21. Nxf5
Nxf5 22. Rxf5 Bc8 23. Rh5 Bxh3 24. Rxh3 h5 25. Qg5 Qe7 26. Qg7 O-O-O 27. Rf3
Rdf8 28. Rc1 Kd7 29. Qf6 Qe6 30. Qh4 Qg4 31. Qxg4+ hxg4 32. Rf6 Rhg8 33. Rd6+
Ke7 34. Rdxc6 Rd8 35. g3 Rg5 36. Rf1 Rd7 37. a5 bxa5 38. Ra6 Rb7 39. Rxa5 Rxb2
40. Rxa7+ Ke6 41. Rf6# 1-0

[Event "DLM 2010"]
[Site "Stuttgart GER"]
[Date "2010.11.19"]
[Round "4"]
[White "Reksten, Anne"]
[Black "Sieber, Fiona"]
[Result "0-1"]
[Termination "normal"]
[Board "2.8"]
[WhiteElo "1407"]
[BlackElo "1637"]
[WhiteTeam "Nordrhein-Westfalen"]
[BlackTeam "Niedersachsen"]
[WhiteFideId "24692778"]
[BlackFideId "12902373"]
[EventCountry "GER"]
[EventRounds "7"]
[EventType "team-swiss"]
[EventDate "2010.11.16"]

1. c4 e5 2. g3 Nf6 3. Bg2 Nc6 4. Nc3 Bb4 5. e3 Bxc3 6. bxc3 O-O 7. d4 d6 8. Ne2
Bf5 9. O-O Be4 10. f3 Bg6 11. g4 h6 12. Ng3 Re8 13. h4 Nd7 14. h5 Bh7 15. Qb3
Rb8 16. d5 Ne7 17. e4 Nc5 18. Qd1 Nc8 19. Be3 Qf6 20. Qd2 Nb6 21. g5 Qe7 22.
Bxc5 dxc5 23. f4 exf4 24. Qxf4 hxg5 25. Qf3 Nxc4 26. Nf5 Bxf5 27. Qxf5 Ne3 28.
Qf2 Nxf1 29. Rxf1 Rbd8 30. Qg3 Qe5 31. Qf3 Re7 0-1

[Event "DLM 2010"]
[Site "Stuttgart GER"]
[Date "2010.11.19"]
[Round "4"]
[White "Seifert, Christopher"]
[Black "Colpe, Malte"]
[Result "1/2-1/2"]
[Termination "normal"]
[Board "3.1"]
[WhiteElo "2217"]
[BlackElo "2228"]
[WhiteTeam "Hessen 2"]
[BlackTeam "Hamburg"]
[WhiteFideId "24615293"]
[BlackFideId "24623075"]
[EventCountry "GER"]
[EventRounds "7"]
[EventType "team-swiss"]
[EventDate "2010.11.16"]

1. c4 Nf6 2. g3 g6 3. Bg2 Bg7 4. Nc3 O-O 5. d3 e5 6. e4 d6 7. Nge2 c5 8. O-O
Nc6 9. a3 Ne8 10. Rb1 a5 11. Nd5 Be6 12. Nec3 Nc7 13. Bd2 Bxd5 14. exd5 Nd4 15.
b4 axb4 16. axb4 cxb4 17. Ne2 Nxe2+ 18. Qxe2 Ra2 19. Qd1 b5 20. Bxb4 bxc4 21.
dxc4 Na6 22. Qb3 Nxb4 23. Qxb4 Qc7 24. Ra1 Rc2 25. Ra6 Rd8 26. Rc6 Qe7 27. Qb3
Rd2 28. Qe3 Rc2 29. Ra1 Qb7 30. Bf1 e4 31. Rd1 Qb2 32. c5 dxc5 33. Rxc5 Rxc5
34. Qxc5 Qe5 35. Bg2 h5 36. Qe3 Rxd5 37. Rxd5 Qxd5 38. Qxe4 1/2-1/2

[Event "DLM 2010"]
[Site "Stuttgart GER"]
[Date "2010.11.19"]
[Round "4"]
[White "Borgmeyer, Max"]
[Black "Aslan, Benjamin"]
[Result "1-0"]
[Termination "normal"]
[Board "3.2"]
[WhiteElo "2170"]
[BlackElo "2105"]
[WhiteTeam "Hamburg"]
[BlackTeam "Hessen 2"]
[WhiteFideId "24615870"]
[BlackFideId "24640298"]
[EventCountry "GER"]
[EventRounds "7"]
[EventType "team-swiss"]
[EventDate "2010.11.16"]

1. e4 e6 2. d4 d5 3. Nc3 Bb4 4. e5 Bf8 5. Nce2 c5 6. f4 Nh6 7. c3 b6 8. Nf3 Ba6
9. g3 Nf5 10. Bh3 Qd7 11. g4 Ne7 12. f5 Nbc6 13. Nf4 g6 14. fxe6 fxe6 15. Qa4
Bc8 16. O-O Bg7 17. Ng5 Nd8 18. Qc2 Ba6 19. Rf2 cxd4 20. cxd4 Rc8 21. Qb3 Bh6
22. Ngxe6 Nxe6 23. Nxe6 Rxc1+ 24. Rxc1 Bxc1 25. Ng7+ Kd8 26. g5 Nf5 27. Nxf5
gxf5 28. Bxf5 Qb5 29. Qa3 Bxg5 30. Qd6+ Ke8 31. Be6 Be7 32. Bf7+ Kf8 33. Qh6#
1-0

[Event "DLM 2010"]
[Site "Stuttgart GER"]
[Date "2010.11.19"]
[Round "4"]
[White "Will, Dominik"]
[Black "Müller, Tobias"]
[Result "0-1"]
[Termination "normal"]
[Board "3.3"]
[WhiteElo "2023"]
[BlackElo "2064"]
[WhiteTeam "Hessen 2"]
[BlackTeam "Hamburg"]
[WhiteFideId "4696557"]
[BlackFideId "24643394"]
[EventCountry "GER"]
[EventRounds "7"]
[EventType "team-swiss"]
[EventDate "2010.11.16"]

1. e4 c5 2. Nf3 d6 3. d4 cxd4 4. Nxd4 Nf6 5. Nc3 g6 6. Be3 Bg7 7. f3 O-O 8. Qd2
Nc6 9. O-O-O d5 10. exd5 Nxd5 11. Nxc6 bxc6 12. Bd4 e5 13. Bc5 Be6 14. Ne4 Re8
15. h4 h6 16. g4 Qc7 17. g5 h5 18. Bd6 Qb6 19. Bc5 Qc7 20. Bd6 Qc8 21. Qa5 a6
22. Qc5 Qb7 23. Bc4 a5 24. a4 Nb6 25. Bxe6 Rxe6 26. b3 Nd5 27. Rhe1 Rd8 28. Qa3
Qc8 29. Bc5 Qc7 30. Rd2 Ree8 31. Red1 Nf4 32. Nd6 Re6 33. Nb5 Ne2+ 34. Rxe2
Rxd1+ 35. Kxd1 cxb5 36. axb5 Qd7+ 37. Rd2 Qxb5 38. c4 Qb7 39. Rd8+ Kh7 40. Bf8
Qxf3+ 41. Kd2 Qf2+ 42. Kc1 Qxh4 43. Rd7 Qxg5+ 44. Kb2 e4+ 45. Bxg7 Kxg7 46. Kb1
e3 0-1

[Event "DLM 2010"]
[Site "Stuttgart GER"]
[Date "2010.11.19"]
[Round "4"]
[White "Grötzbach, Julian"]
[Black "Galkin, Wladislaw"]
[Result "1/2-1/2"]
[Termination "normal"]
[Board "3.4"]
[WhiteElo "1879"]
[BlackElo "1924"]
[WhiteTeam "Hamburg"]
[BlackTeam "Hessen 2"]
[WhiteFideId "24600938"]
[BlackFideId "4603192"]
[EventCountry "GER"]
[EventRounds "7"]
[EventType "team-swiss"]
[EventDate "2010.11.16"]

1. e4 e5 2. Nf3 Nc6 3. Bb5 a6 4. Ba4 Nf6 5. O-O b5 6. Bb3 Be7 7. Re1 d6 8. h3
O-O 9. c3 Na5 10. Bc2 c5 11. d4 cxd4 12. cxd4 Qc7 13. Nbd2 Re8 14. Nf1 Bf8 15.
Ng3 h6 16. b3 g6 17. Be3 Bg7 18. Rc1 Nc6 19. Bb1 Qb7 20. Qd2 Kh7 21. Rc3 Bd7
22. Rec1 Rac8 23. d5 Na7 24. a3 Rxc3 25. Rxc3 Rc8 26. Qc1 Ng8 27. Ne1 Ne7 28.
f3 f5 29. Bf2 Bf6 30. Ne2 f4 31. Nd3 Ng8 32. Kh2 Bd8 33. g3 fxg3+ 34. Bxg3 Rxc3
35. Nxc3 Qc8 36. Qd2 Nf6 37. Qe3 Qb8 38. f4 Bb6 39. Qf3 Qf8 40. Kg2 Nh5 41. Bh2
1/2-1/2

[Event "DLM 2010"]
[Site "Stuttgart GER"]
[Date "2010.11.19"]
[Round "4"]
[White "Baskin, Robert"]
[Black "Krüger, David"]
[Result "1-0"]
[Termination "normal"]
[Board "3.5"]
[WhiteElo "1870"]
[BlackElo "1696"]
[WhiteTeam "Hessen 2"]
[BlackTeam "Hamburg"]
[WhiteFideId "24662402"]
[BlackFideId "12921858"]
[EventCountry "GER"]
[EventRounds "7"]
[EventType "team-swiss"]
[EventDate "2010.11.16"]

1. e4 e5 2. Nf3 Nc6 3. Bb5 Nge7 4. c3 Ng6 5. O-O Be7 6. d4 exd4 7. cxd4 d5 8.
exd5 Qxd5 9. Nc3 Qd8 10. d5 a6 11. Qa4 Bd7 12. dxc6 axb5 13. cxd7+ Kf8 14. Qxb5
b6 15. Be3 Bd6 16. Rfe1 Ne7 17. Rad1 Rb8 18. Ne4 c6 19. Qb3 Bc7 20. Neg5 Nd5
21. Rxd5 cxd5 22. Qxd5 Qf6 23. Bd4 Qg6 24. Nh4 Qh5 25. Ne6+ 1-0

[Event "DLM 2010"]
[Site "Stuttgart GER"]
[Date "2010.11.19"]
[Round "4"]
[White "Lemke, Berfîn"]
[Black "Sancar, Alina"]
[Result "0-1"]
[Termination "normal"]
[Board "3.6"]
[WhiteElo "1442"]
[BlackElo "1793"]
[WhiteTeam "Hamburg"]
[BlackTeam "Hessen 2"]
[WhiteFideId "1270578"]
[BlackFideId "4624750"]
[EventCountry "GER"]
[EventRounds "7"]
[EventType "team-swiss"]
[EventDate "2010.11.16"]

1. e4 c5 2. Nf3 Nc6 3. c3 d5 4. exd5 Qxd5 5. d4 Nf6 6. Be2 e6 7. O-O Be7 8. Bf4
O-O 9. Qd3 cxd4 10. cxd4 Nb4 11. Qd1 Nxa2 12. Ne5 Nb4 13. Nc3 Qd8 14. Nb5 Nfd5
15. Bg3 a6 16. Qd2 Bd7 17. Nc3 Rc8 18. Rac1 Bc6 19. Nxd5 Bxd5 20. Bf4 Qe8 21.
Rc3 Nc6 22. Rh3 f6 23. Qd3 f5 24. Qg3 Nxe5 25. dxe5 Qg6 26. Qxg6 hxg6 27. Bd3
Bb4 28. Rg3 Kf7 29. Bb1 Rc4 30. Bg5 Rfc8 31. Rd3 Be7 32. Bxe7 Kxe7 33. Rdd1 Be4
34. h3 Bxb1 35. Rxb1 g5 36. Rfd1 Re4 37. Re1 Rxe1+ 38. Rxe1 Rc2 39. b3 Rc3 40.
Rb1 Rc5 41. Re1 Rb5 42. Re3 f4 43. Rc3 Kd7 44. f3 Rxe5 45. Kf2 Kd6 46. Rc4 b5
47. Rc2 Re3 48. Ra2 Rxb3 49. Rxa6+ Ke5 50. Rb6 Rb2+ 51. Kf1 b4 52. Rb7 Kf6 53.
Rb6 g6 54. Rb5 b3 55. Rb6 Rb1+ 56. Ke2 Rb2+ 57. Kd3 Rxg2 58. Rxb3 Rg3 59. Ke4
Rxh3 60. Rb2 Rh1 61. Rg2 Ra1 62. Rg4 Ra4+ 63. Kd3 Ra3+ 64. Ke4 Re3+ 0-1

[Event "DLM 2010"]
[Site "Stuttgart GER"]
[Date "2010.11.19"]
[Round "4"]
[White "Brandl, Lea"]
[Black "Hölzer, Jeanette"]
[Result "1-0"]
[Termination "normal"]
[Board "3.7"]
[WhiteElo "1542"]
[BlackElo "1371"]
[WhiteTeam "Hessen 2"]
[BlackTeam "Hamburg"]
[WhiteFideId "24693049"]
[BlackFideId "12917982"]
[EventCountry "GER"]
[EventRounds "7"]
[EventType "team-swiss"]
[EventDate "2010.11.16"]

1. d4 Nf6 2. c4 g6 3. Nc3 Bg7 4. e4 d6 5. Nf3 O-O 6. Be2 e5 7. O-O Nc6 8. d5
Ne7 9. Nd2 Nd7 10. b4 f5 11. a4 Nf6 12. f3 f4 13. c5 Ne8 14. Nc4 g5 15. Ba3 Rf6
16. Rc1 Ng6 17. b5 b6 18. cxd6 cxd6 19. Na2 h5 20. Nb4 Ne7 21. Nc6 Nxc6 22.
dxc6 Bf8 23. Nxe5 Qc7 24. Nc4 Rg6 25. Bd3 Rg7 26. Bb2 Rf7 27. Be2 Rh7 28. Qd5+
Rf7 29. Qxg5+ Bg7 30. Qd5 Bxb2 31. Nxb2 Nf6 32. Qb3 Kh8 33. Bc4 Rg7 34. Be6 Rg6
35. Bxc8 Rxc8 36. Qc3 Rcg8 37. Rf2 h4 38. h3 Qc8 39. Kh2 Qc7 40. Nd3 Kh7 41.
Ne1 Kh6 42. Rd1 Ne8 43. Qd2 Rf8 44. Qd4 Re6 45. Rfd2 Rff6 46. Qf2 Kg5 47. Rd5+
Re5 48. Rxe5+ dxe5 49. Rd7 Qc8 50. Qd2 Nc7 51. Rd8 Qe6 52. Qd7 Qxd7 53. cxd7
Ne6 54. Rg8+ Kh6 55. d8=Q Nxd8 56. Rxd8 Rf7 57. Nd3 Re7 58. Rd5 1-0

[Event "DLM 2010"]
[Site "Stuttgart GER"]
[Date "2010.11.19"]
[Round "4"]
[White "Ludwig, Maria"]
[Black "Liez, Franziska"]
[Result "0-1"]
[Termination "normal"]
[Board "3.8"]
[WhiteElo "1027"]
[BlackElo "1506"]
[WhiteTeam "Hamburg"]
[BlackTeam "Hessen 2"]
[WhiteFideId "24655791"]
[BlackFideId "1271766"]
[EventCountry "GER"]
[EventRounds "7"]
[EventType "team-swiss"]
[EventDate "2010.11.16"]

1. e4 e5 2. Nf3 Nc6 3. Bc4 Nf6 4. d3 Be7 5. Nc3 d6 6. Be3 Be6 7. Bb3 Na5 8. Qd2
O-O 9. O-O-O c5 10. Bxe6 fxe6 11. Ng5 Qd7 12. f4 exf4 13. Bxf4 b5 14. e5 dxe5
15. Bxe5 b4 16. Ne2 Qd5 17. b3 Qxe5 18. d4 cxd4 19. Nxd4 Ne4 20. Nxe4 Qxe4 21.
Rhe1 Qd5 22. Kb1 e5 23. Nf3 Qxd2 24. Rxd2 Nc6 25. h4 a5 26. h5 Bf6 27. Rd6 Rac8
28. g4 h6 29. Rg1 e4 30. g5 hxg5 31. Nxg5 Bxg5 32. Rxg5 Rf7 33. Rdg6 Nd4 34. h6
Rf1+ 35. Kb2 Rxc2# 0-1

[Event "DLM 2010"]
[Site "Stuttgart GER"]
[Date "2010.11.19"]
[Round "4"]
[White "Farmani Anosheh, Armin"]
[Black "Wenninger, Philipp"]
[Result "1-0"]
[Termination "normal"]
[Board "4.1"]
[WhiteElo "2207"]
[BlackElo "2080"]
[WhiteTeam "Baden"]
[BlackTeam "Württemberg 2"]
[WhiteFideId "24613240"]
[BlackFideId "4648404"]
[EventCountry "GER"]
[EventRounds "7"]
[EventType "team-swiss"]
[EventDate "2010.11.16"]

1. e4 c6 2. d4 d5 3. e5 Bf5 4. Nf3 e6 5. Be2 Nd7 6. O-O Ne7 7. Be3 Nc8 8. Nbd2
Be7 9. a4 O-O 10. a5 a6 11. Nb3 Na7 12. c3 Qc7 13. Qd2 c5 14. Nxc5 Bxc5 15.
dxc5 Nxc5 16. Bxc5 Qxc5 17. Nd4 Bg6 18. h4 h6 19. h5 Bh7 20. Ra4 Qc7 21. Qe3
Nc6 22. Nxc6 Qxc6 23. Rg4 Kh8 24. Qg3 Rg8 25. Rd1 Qc7 26. Rb4 Rad8 27. Rb6 Rd7
28. Rd4 Qc5 29. b4 Qc7 30. c4 Rgd8 31. Qf4 Qc8 32. cxd5 exd5 33. Bg4 Qc3 34.
Bxd7 Rxd7 35. Rd6 Qe1+ 36. Kh2 Rc7 37. R6xd5 Rc1 38. Rd8+ Bg8 39. Rxg8+ 1-0

[Event "DLM 2010"]
[Site "Stuttgart GER"]
[Date "2010.11.19"]
[Round "4"]
[White "Müller, Philipp"]
[Black "Petermann, Michail"]
[Result "1/2-1/2"]
[Termination "normal"]
[Board "4.2"]
[WhiteElo "1992"]
[BlackElo "2139"]
[WhiteTeam "Württemberg 2"]
[BlackTeam "Baden"]
[WhiteFideId "24683701"]
[BlackFideId "24643530"]
[EventCountry "GER"]
[EventRounds "7"]
[EventType "team-swiss"]
[EventDate "2010.11.16"]

1. e4 c5 2. b3 e6 3. Bb2 b6 4. Nc3 Bb7 5. f4 d5 6. exd5 exd5 7. Bb5+ Nd7 8.
Qe2+ Qe7 9. Nf3 O-O-O 10. O-O-O d4 11. Qxe7 Nxe7 12. Ne2 f6 13. c3 dxc3 14.
dxc3 Nf5 15. Ng3 Ne3 16. Rd3 Nxg2 17. Rhd1 Bxf3 18. Rxf3 Nb8 19. Nf5 g6 20.
Rxd8+ Kxd8 21. c4 Kc8 22. Bxf6 Rg8 23. Ne7+ Bxe7 24. Bxe7 h6 25. Kd2 Rg7 26.
Bd6 Nh4 27. Re3 Nd7 28. Re8+ Kb7 29. Rd8 Nf5 30. Rxd7+ Rxd7 31. Bxd7 Nxd6 32.
Ke3 Kc7 33. Be6 Kd8 34. Bh3 Ke7 35. Bf1 Kf6 36. Bd3 Nf5+ 37. Ke4 Ke6 38. Kf3
Kf6 39. Ke4 Ke6 40. Kf3 Kf6 41. Be4 Nd4+ 42. Ke3 Nf5+ 43. Kd3 Nd6 44. Bc6 Kf5
45. Ke3 Ke6 46. Kf3 Nf5 47. Bd5+ 1/2-1/2

[Event "DLM 2010"]
[Site "Stuttgart GER"]
[Date "2010.11.19"]
[Round "4"]
[White "Noe, Christopher"]
[Black "Zimmermann, Ulrich"]
[Result "1/2-1/2"]
[Termination "normal"]
[Board "4.3"]
[WhiteElo "1859"]
[BlackElo "2055"]
[WhiteTeam "Baden"]
[BlackTeam "Württemberg 2"]
[WhiteFideId "24692018"]
[BlackFideId "24654523"]
[EventCountry "GER"]
[EventRounds "7"]
[EventType "team-swiss"]
[EventDate "2010.11.16"]

1. c4 c6 2. d4 d5 3. cxd5 cxd5 4. Nc3 Nf6 5. Nf3 Nc6 6. Bf4 a6 7. e3 e6 8. Bd3
Be7 9. h3 O-O 10. O-O Bd7 11. Rc1 Qa5 12. Ne5 Rfc8 13. Nxd7 Nxd7 14. Bb1 f5 15.
g4 g6 16. gxf5 gxf5 17. Kh1 Nf6 18. Ne2 Kh8 19. Ng3 Rg8 20. Nh5 Qd8 21. Nxf6
Bxf6 22. Qf3 Qe7 23. Rg1 Rg6 24. Qh5 Rag8 25. Rxg6 Rxg6 26. Rg1 Rxg1+ 27. Kxg1
Nd8 28. Bd3 Nf7 29. Qd1 Bg5 30. Bg3 Bh4 31. Bf4 Qb4 32. Qc1 Kg7 33. a3 Qb6 34.
Kf1 Bg5 35. Bxg5 Nxg5 36. f4 Nf7 37. Ke2 Qb3 38. Kd2 Kf6 39. Bc2 Qb5 40. Bd3
Qb3 41. Bc2 1/2-1/2

[Event "DLM 2010"]
[Site "Stuttgart GER"]
[Date "2010.11.19"]
[Round "4"]
[White "Stitterich, Nadine"]
[Black "Frey, Alisa"]
[Result "1/2-1/2"]
[Termination "normal"]
[Board "4.4"]
[WhiteElo "2000"]
[BlackElo "2045"]
[WhiteTeam "Württemberg 2"]
[BlackTeam "Baden"]
[WhiteFideId "24676527"]
[BlackFideId "24634662"]
[EventCountry "GER"]
[EventRounds "7"]
[EventType "team-swiss"]
[EventDate "2010.11.16"]

1. e4 e5 2. Nf3 Nc6 3. Bb5 a6 4. Ba4 Nf6 5. O-O Be7 6. Re1 b5 7. Bb3 O-O 8. h3
d6 9. c3 Na5 10. Bc2 d5 11. exd5 e4 12. Bxe4 Nxe4 13. Rxe4 Bb7 14. d3 Bxd5 15.
Re1 Bd6 16. Nbd2 f5 17. Ne5 Qf6 18. Ndf3 Rfe8 19. Bg5 Qf8 20. Bd2 Nc6 21. Nxc6
Bxc6 22. Qb3+ Kh8 23. Ng5 h6 24. Nf7+ Kh7 25. Nxd6 Qxd6 26. d4 Bd5 27. Qc2 Qg6
28. f3 Bxf3 29. Bf4 Be4 30. Qf2 1/2-1/2

[Event "DLM 2010"]
[Site "Stuttgart GER"]
[Date "2010.11.19"]
[Round "4"]
[White "Schuhmacher, Jakob"]
[Black "Gibicar, Danijel"]
[Result "0-1"]
[Termination "normal"]
[Board "4.5"]
[WhiteElo "1796"]
[BlackElo "1992"]
[WhiteTeam "Baden"]
[BlackTeam "Württemberg 2"]
[WhiteFideId "4612787"]
[BlackFideId "24660256"]
[EventCountry "GER"]
[EventRounds "7"]
[EventType "team-swiss"]
[EventDate "2010.11.16"]

1. d4 Nf6 2. c4 c5 3. d5 b5 4. cxb5 a6 5. b6 d6 6. Nc3 g6 7. a4 Qxb6 8. a5 Qb4
9. Nf3 Bg7 10. Ra4 Qb7 11. g3 Bd7 12. Ra3 O-O 13. Bg2 Ne8 14. O-O Nc7 15. Nd2
Nb5 16. Rb3 Qc7 17. Nc4 Nxc3 18. Rxc3 Bxc3 19. bxc3 Ra7 20. Bh6 Re8 21. Nb6 Bc8
22. c4 Nd7 23. Qa1 f6 24. Qb1 Rb7 25. Be4 Kf7 26. h4 Nxb6 27. axb6 Qxb6 28. Qc1
Qb2 29. Qf4 Qxe2 30. Bf3 Qe5 31. Qc1 Bf5 32. g4 Rb1 33. Qa3 Rxf1+ 34. Kxf1 Be4
35. Be2 Qh2 36. Bd1 Qg2+ 37. Ke1 Qg1+ 38. Ke2 Qxg4+ 39. f3 Qg2+ 40. Ke3 Bf5 41.
Qxa6 Qg1+ 42. Ke2 Qh2+ 43. Ke3 Qxh4 44. Bf4 Qe1+ 45. Be2 Qc1+ 0-1

[Event "DLM 2010"]
[Site "Stuttgart GER"]
[Date "2010.11.19"]
[Round "4"]
[White "Zeller, Elisa"]
[Black "Kühnel, Lena"]
[Result "0-1"]
[Termination "normal"]
[Board "4.6"]
[WhiteElo "1770"]
[BlackElo "1865"]
[WhiteTeam "Württemberg 2"]
[BlackTeam "Baden"]
[WhiteFideId "24662410"]
[BlackFideId "24640956"]
[EventCountry "GER"]
[EventRounds "7"]
[EventType "team-swiss"]
[EventDate "2010.11.16"]

1. e4 e5 2. Nf3 Nc6 3. Bb5 a6 4. Ba4 Nf6 5. O-O b5 6. Bb3 Be7 7. Re1 O-O 8. c3
d5 9. exd5 Nxd5 10. d4 exd4 11. Nxd4 Nxd4 12. Qxd4 Bb7 13. Qg4 f5 14. Qd1 Kh8
15. c4 bxc4 16. Bxc4 Bd6 17. Qh5 Nf4 18. Bxf4 Bxf4 19. Na3 Qf6 20. b3 Qb2 21.
Bf7 Qxa3 22. Qxf5 Qd6 23. Rad1 Bxh2+ 24. Kf1 Qf4 25. Qxf4 Bxf4 26. Bc4 Rae8 27.
Rxe8 Rxe8 28. Rd7 Bd6 29. Rf7 Rf8 30. Rxf8+ Bxf8 31. f3 g5 32. Ke2 Kg7 33. Bd3
h6 34. Bc4 Kf6 35. Kd3 Ke5 36. Ke3 Bc5+ 37. Kd3 Kf4 38. Ke2 Kg3 39. Kf1 g4 40.
fxg4 Bxg2+ 41. Ke1 a5 42. Be6 Bf3 0-1